000
00282nam a22001337a 4500
008
180910b xxu||||| |||| 00| 0 eng d
020
_a
9780534465544
041
_a
eng
080
_a
5510
100
_a
39
101
_a
MAT
245
_a
Tan Calculus
_c
Tan.s.t
942
_2
udc
_c
BK
999
_c
47641
_d
47641